000 00916cam a2200265 a 4500
001 15031493
005 20180222033115.0
008 071002s2008 njua 001 0 eng
010 _a 2007040927
020 _a9780136129349
020 _a013612934X
020 _a9780135012840
035 _a(OCoLC)ocn173683798
040 _aDLC
_cDLC
_dBAKER
_dBTCTA
_dC#P
_dBWX
_dYDXCP
_dDLC
041 _aeng
080 _a657 HAR
082 0 0 _a657 HAR
_222
100 1 _a61
101 _aKF
245 1 0 _aFinancial accounting /
_cWalter T. Harrison, Jr., Charles T. Horngren.
776 0 8 _iOnline version:
_aHarrison, Walter T.
_tFinancial accounting.
_b7th ed.
_dUpper Saddle River, NJ : Pearson Prentice Hall, c2008
_w(OCoLC)654187202
906 _a7
_bcbc
_corignew
_d1
_eecip
_f20
_gy-gencatlg
942 _2ddc
_cBK
999 _c43102
_d43102